000 00406nmm a2200145Ia 4500
008 251105s9999||||xx |||||||||||||||||und||
041 _aspa
100 _aCervantes, Pere
245 0 _aNo nos dejan ser niños
264 _a[Madrid, España] :
_bEdiciones B,
_c2014
300 _a304 páginas
650 _aThriller & Suspense
856 _uhttps://public.digitaliapublishing.com/a/53477
942 _cCF
999 _c105016
_d105016